000 00611nam a22001937a 4500
008 160806b xxu||||| |||| 00| 0 eng d
020 _a9780470177471
082 _22008
_aDC 658.02
_bT98s
100 _912417
_aTyson, Eric
245 _aSmall business for dummies/
_cEric Tyson and Jim Schell.
250 _a3rd edition
260 _aHoboken, NJ:
_bWiley Publishing, Inc.,
_cc2008.
300 _axx, 410 pages:
_billustrations;
_c24 cm.
500 _aIncludes index.
650 0 _912418
_aSmall business
_xManagement
700 _912419
_aSchell, Jim
_eAuthor
365 _aPhp
_b1449.00
942 _2ddc
_cDC
999 _c3729
_d3729